| 000 | 01280cab a22002415a 4500 | ||
|---|---|---|---|
| 001 | L148524 | ||
| 008 | 090929s2009 xxk f 000 0 eng d | ||
| 035 | _a(Sirsi) u148524 | ||
| 041 | 0 | _aeng | |
| 100 | 1 | _aShears, Peter | |
| 245 | 0 | 0 |
_aHang your shingle and carry on _bestate agents - the unlicensed UK profession |
| 260 | _c2009 | ||
| 490 | 0 |
_aJournal of Property Investment and Finance _v27(3) 2009, 191-211(21) |
|
| 520 | _aEstate agents unlike most providers of professional services in the UK are not currently regulated by means of pre-entry qualifications or required standards. This is particularly surprising as estate agents are centrally involved in what is often the largest and most stressful of all consumer transactions. Traces the history of the many attempts to create a regulatory framework for estate agents and discusses the reasons why these attempts failed. Examines the current proposals for change. Notes. | ||
| 590 | _aKA | ||
| 650 | 2 | 4 | _aESTATE AGENTS ACT 1979 |
| 650 | 2 | 4 | _aCONSUMERS, ESTATE AGENTS AND REDRESS ACT 2007 |
| 650 | 2 | 4 | _aCARSBERG REVIEW OF RESIDENTIAL PROPERTY |
| 651 | 4 |
_aEngland and Wales _y1543- |
|
| 690 | _aPROPERTY-PROPERTY AGENCY | ||
| 690 | _aPROPERTY-RESIDENTIAL PROPERTY-RESIDENTIAL PROPERTY AGENCY | ||
| 942 | _n0 | ||
| 999 |
_c81874 _d81874 |
||